Documentación de los primeros simposios de la organización y dirección del deporte
Gardado en:
| Main Authors: | , , , , , , , , , |
|---|---|
| Formato: | Libro |
| Idioma: | Lingua castelá |
| Publicado: |
Pamplona
Solidaridad Olímpica del Comité Olímpico Internacional
1977
|
| Subjects: | |
| Tags: |
Engadir etiqueta
Sen Etiquetas, Sexa o primeiro en etiquetar este rexistro!
|
MARC
| LEADER | 00000nam a2200000 a 4500 | ||
|---|---|---|---|
| 001 | UCU0513 | ||
| 003 | CL-VaPUC | ||
| 005 | 20240923154636.0 | ||
| 008 | 960322e19770000sp 1 spa d | ||
| 082 | 0 | 4 | |a 796.48 |b KIL |2 21 |
| 100 | 1 | |a Killanin, Lord |e author |9 617535 | |
| 700 | 1 | |a Cagigal, José María |e author |9 617536 | |
| 700 | 1 | |a Wieczorek, Edward |e author |9 617537 | |
| 700 | 1 | |a Sales, Arnaldo de O |e author |9 617538 | |
| 700 | 1 | |a Buggel, Edelfrid |e author |9 617539 | |
| 700 | 1 | |a Tröeger, Walther |e author |9 617540 | |
| 700 | 1 | |a Rivera Cortez, Miguel |e author |9 617541 | |
| 700 | 1 | |a Venerando, Antonio |e author |9 617542 | |
| 700 | 1 | |a Clerici, Mauricio |e author |9 617543 | |
| 700 | 1 | |a Wachowski, Eugeniusz |e author |9 617544 | |
| 245 | 1 | 0 | |a Documentación de los primeros simposios de la organización y dirección del deporte |
| 260 | |a Pamplona |b Solidaridad Olímpica del Comité Olímpico Internacional |c 1977 | ||
| 300 | |a 282 p | ||
| 583 | |a last modification |c 20130414 10:11:34 |k Rodrigo Vera | ||
| 650 | 0 | 0 | |a Juegos Olímpicos |9 341523 |
| 650 | 0 | 0 | |a Actividades culturales |9 335506 |
| 650 | 0 | 7 | |a DEPORTE |2 CL-VaPUC |9 617546 |
| 650 | 0 | 0 | |a Medicina deportiva |9 307562 |
| 942 | |c BK | ||
| 945 | |a lriquelm |d 19960322 00:00:00 | ||
| 546 | |a En Español | ||
| 518 | |p Simposio de la Organización y Dirección del Deporte, Santo Domingo, 2 al 5 de Marzo de 1974. Teherán, 29 al 31 de Agosto de 1974 | ||
| 999 | |c 382526 |d 382524 | ||
| 952 | |0 0 |1 0 |4 0 |6 796_480000000000000_KIL_1977 |7 0 |8 P |9 504264 |a BIBEDU |b BIBEDU |c BIBEDU_PB |d 2020-01-23 |i 1636987 |o 796.48 KIL 1977 |p 1636987 |r 2024-01-25 |w 2020-01-23 |y BK |k EDU | ||
| 952 | |0 0 |1 0 |4 0 |6 796_480000000000000_KIL_1977 |7 0 |8 P |9 504265 |a BIBEDU |b BIBEDU |c BIBEDU_PB |d 2020-01-23 |i 1638211 |o 796.48 KIL 1977 |p 1638211 |r 2024-01-25 |w 2020-01-23 |y BK |k EDU | ||